000 00808nam a22001577a 4500
003 OSt
005 20151113163116.0
008 151113b xxu||||| |||| 00| 0 eng d
040 _cRUA
082 _aFOR NHC 2010 B139 Or.1
100 _93663
_aNHCEL, SAMANG.
245 _aPeople's concepts for maintaining and reforestation in community at prabey mum commnue thpong district kampongspeu province, ទស្សនៈទានរបស់ប្រជាជនក្នុងការចូលរួមថែទាំ និងដាំដើមឈើឡើងវិញនៅសហគមន៍ក្នុងឃុំប្រាំបីមុំ ស្រុកថ្ពង ខេត្តកំពង់ស្ពឺ
260 _aPhnom Penh
_bRUA
_c2010
300 _axi; 47p.
_bill.
_c29cm.
942 _2ddc
_cFOR
999 _c3411
_d3411